000 00511nam a2200169Ia 4500
008 240729s9999 xx 000 0 und d
022 _a1803-3857
245 0 _aEuropean Journal of Adapted Physical Activity
260 _aCzechia
260 _bEuropean Federation of Adapted Physical Activity
650 _a Recreation. Leisure
650 _a Sports
650 _aGeography. Anthropology. Recreation
856 _uhttps://doaj.org/toc/e56b1152402f4d58ab05ee0dd95d10bf
942 _2ddc
942 _cDOAJEJ
999 _c68667
_d68667
945 _a1
_bMadushi Gamage
_c1
_dMadushi Gamage